000 00478nam a2200169 i 4500
001 39200
003 ES-MaACL
005 20250819055200.0
008 030227s1929 sp |||| | spa d
100 1 _aCambó, Francesc,
_d1876-1947
_934032
245 1 4 _aLas dictaduras /
_cFrancesc Cambó.
260 _aMadrid :
_bEspasa-Calpe,
_c1929.
300 _a243 p. ;
_c20 cm.
650 7 _aDictadura
_2embne
_9144385
852 _aES-MaACL
_jB-3314
999 _c39200
_d39200